Statistiques concernant les personnages riverdale

Cliquez ici pour prendre le quiz!

Statistiques générales

  • Ce quiz a été pris 878 fois
  • Le résultat moyen est 30 sur 65

Statistiques - réponses

HintRéponse% Correct
2betty cooper
100%
4archie andrews
98%
3veronica lodge
98%
1jughead jones
97%
5cheryl blossom
96%
10alice cooper
90%
15hiram lodge
90%
7Fp jones
88%
34kevin keller
88%
16hermione lodge
87%
17fred andrews
86%
6toni topaz
86%
23jason blossom
85%
11hal cooper
80%
12polly cooper
79%
37josie mcoy
77%
24penelope blossom
74%
48reggie mantle
68%
9jellybean jones
64%
30fangs fogerty
62%
13chic
61%
14charles smith
60%
49moose manson
56%
50ethel muggs
53%
25clifford blossom
52%
35tom keller
51%
38valerie Brown
51%
18mary andrews
50%
31sweet pea
50%
65edgar evernever
49%
8gladys jones
44%
29nana rose
41%
41penny peaboby
40%
64evelyn evernever
39%
60midge klump
39%
36sierra mcoy
39%
53chuck clayton
34%
56geraldine grundy
33%
39melody Valentine
33%
21vegas
32%
28dagwood blossom
30%
26claudius blossom
29%
54dilton doiley
29%
27juniper blossom
29%
55joaquin desantos
27%
33tall boy
25%
47smithers
21%
61andre
20%
40nick st clair
20%
43honey
18%
51pop tate
18%
52waldo Weatherbee
17%
46arthur adams
13%
32peaches'n cream
11%
45kurtz
10%
59micheal minetta
10%
63elio grande
9%
42malachai
8%
19madog
7%
20dodger
6%
62joseph svenson
6%
58soeur woodhouse
6%
44warden norton
5%
22dr curdle jr
2%
57robert philips
2%

Distribution des résultats

Percentile par nombre de réponses

% des personnes avec chaque résultat

Votre développement - résultats

Vous n’avez pas pris ce quiz